• 首页
  • 本馆介绍
  • 公告通知
  • 最新文献
  • 馆藏检索
  • 电子资源
  • 读者导购
  • 参考咨询
  • 我的图书馆
  • 登录
  • 详细信息显示
  • 放入我的书架
  • 预约/预借图书
  • 作者相关作品
  • 分类相关作品
  • 丛书相关作品
  • 出版社相关作品

书目信息

  • 表格格式
  • 工作单格式
  • 卡片格式
题名:
毛泽东与李宗仁
    
 
作者: 高建中 著
分册: 上卷  
出版信息: 北京   华文出版社  2012
页数: 202页
开本: 24cm
丛书名:
单 册:
中图分类: A752 , K827
科图分类:
主题词:
电子资源:
ISBN: 978-7-5075-3717-8
000 00916nam0 2200277 45
001 1360559968
005 20130530171229.18
010    @a978-7-5075-3717-8@dCNY27.00
100    @a20130513e20122012em y0chiy50 ea
101 0  @achi
102    @aCN@b110000
105    @ay z 000yc
106    @ar
200 1  @a毛泽东与李宗仁@AMao Ze Dong Yu Li Zong Ren@h上卷@HShang Juan@f高建中著@FGao Jian Zhong Zhu
205    @a2版
210    @a北京@c华文出版社@d2012@h2012
215    @a202页@d24cm
300    @a华文传记 统战人物传记系列
330    @a本书以中国现代史为背景,叙述了毛泽东与李宗仁亦敌、亦友的历史交往,既折射出国共两党之间的历史纠葛,又对个人进行了聚焦透视。
600  0 @a毛泽东@f(1893-1976)@x生平事迹
600  0 @a李宗仁@f(1891-1969)@x生平事迹
690    @aA752@v5
690    @aK827@v5
701  0 @a高建中@AGao Jian Zhong@4著
801    @aCN@bTANGWEI@c20130523
905    @b0835460-65@dA752@e210:1@f6
    
    毛泽东与李宗仁.上卷/高建中著.-2版.-北京:华文出版社,2012(2012)
    202页;24cm
    华文传记 统战人物传记系列
    
    ISBN 978-7-5075-3717-8:CNY27.00
    本书以中国现代史为背景,叙述了毛泽东与李宗仁亦敌、亦友的历史交往,既折射出国共两党之间的历史纠葛,又对个人进行了聚焦透视。
●
相关链接 在E读中查询图书 在五车中查询图书 在当当中查询图书 在豆瓣中查询图书


正题名:毛泽东与李宗仁     索取号:A752/210:1         预约/预借

序号 登录号 条形码 馆藏地/架位号 状态 备注
1 0835460   208354608   第一样本阅览室/ [索取号:A752/210:1] 在馆    
2 0835461   208354617   第一借阅区/ [索取号:A752/210:1] 在馆    
3 0835462   208354626   第一借阅区/ [索取号:A752/210:1] 在馆    
4 0835463   208354635   第一借阅区/ [索取号:A752/210:1] 在馆    
5 0835464   208354644   第一借阅区/ [索取号:A752/210:1] 在馆    
6 0835465   208354653   第一借阅区/ [索取号:A752/210:1] 在馆    
唐山师范学院图书馆 欢迎您!
大连网信软件有限公司© 版权所有